000 00667cam a2200229 4500
001 B2793
008 090401t1990 xxu||||| |||| 00| 0 eng d
035 _a(Sirsi) u52215
041 _aeng
050 _a336.21026
090 _aRICS 1990/27AB
110 _aRoyal Institution of Chartered Surveyors
_94900
245 _aMooney on practice and procedures
260 _aLondon
_bRoyal Institution of Chartered Surveyors
_c1990
300 _avi,33p. ; 30cm.
350 _a0
520 _aRating Diploma Section Polytechnic, School of Built Environment.
650 _aRATES AND RATING
700 _aBrown, Peter K.
_xEditor
942 _n0
948 _c04/03/1997
999 _c93005
_d93005